000
00226 a2200097 4500
001
55278
100
_a
245
_a
Urdu wersa; intkhab-e-kalam
260
_a
Karachi
_b
Oxford University
_c
2007
090
_c
34246
_d
34246
942
_a
NUST-CAE
_c
MONOGRAPH
_c
26943
999
_c
290351
_d
290351